[Event "Pinamar op"]
[Site "Pinamar"]
[Date "2015.04.26"]
[Round "5"]
[White "Barrelier, Elvio Omar"]
[Black "Diaz, Gerardo"]
[Result "1/2-1/2"]
[WhiteElo "1731"]
[BlackElo "1959"]
[PlyCount "109"]
[EventDate "2015.04.24"]
[EventType "swiss"]
[EventRounds "6"]
[EventCountry "ARG"]
[SourceTitle "CBM 166 Extra"]
[Source "ChessBase"]
[SourceDate "2015.06.18"]
[SourceVersion "1"]
[SourceVersionDate "2015.06.18"]
[SourceQuality "1"]

1. e4 d5 2. exd5 Qxd5 3. c4 Qd6 4. Nc3 Nf6 5. Be2 c6 6. d4 e6 7. Nf3 Nbd7 8. h3 Be7 9. Be3 b6 10. Qd2 Bb7 11. a3 Qc7 12. Bf4 Bd6 13. Bxd6 Qxd6 14. Rd1 Rd8 15. Qe3 0-0 16. 0-0 Rfe8 17. Ne5 Qc7 18. f4 a6 19. Bf3 b5 20. cxb5 cxb5 21. Bxb7 Qxb7 22. Qf3 Qxf3 23. Rxf3 Nb6 24. g4 Rd6 25. Rfd3 Red8 26. Kf2 Nfd7 27. Ne4 Nxe5 28. fxe5 Rd5 29. b3 Nd7 30. Ke3 Nb6 31. Nc5 a5 32. a4 bxa4 33. Nxa4 Rb5 34. Nxb6 Rxb6 35. Rc1 Rb5 36. h4 Rdb8 37. Rcc3 f6 38. exf6 gxf6 39. Ke4 h5 40. gxh5 Rxh5 41. Rh3 Rbb5 42. Rc7 Kf8 43. Kf4 f5 44. Rc5 Rb4 45. Rc4 Ke7 46. Ke5 Rb5+ 47. Rc5 Rb7 48. Rcc3 Rd7 49. Rc5 f4+ 50. Ke4 Rdd5 51. Rxd5 Rxd5 52. h5 Kf7 53. h6 Kg8 54. h7+ Kh8 55. Kxf4 1/2-1/2